000 00911cam a22003133a 4500
001 804
003 PGUSA
005 20140828082953.0
008 970201s1997||||xxu|||||s|||||000 1 eng d
040 _aPGUSA
_beng
042 _adc
050 4 _aPR
100 1 _aSterne, Laurence,
_d1713-1768
245 1 2 _aA Sentimental Journey Through France and Italy
_h[electronic resource] /
_cLaurence Sterne
260 _bProject Gutenberg,
_c1997
506 _aPublic domain in the USA.
516 _aElectronic text
653 _aClergy -- Fiction
653 _aHumorous stories
653 _aPsychological fiction
653 _aBritish -- France -- Fiction
653 _aFrance -- Fiction
653 _aBritish -- Italy -- Fiction
653 _aTravelers -- Fiction
653 _aItaly -- Fiction
830 0 _aProject Gutenberg
_v804
856 4 0 _uhttp://www.gutenberg.org/ebooks/804
942 _cEB
999 _c230155
_d230155